Mathematical principles of mechanics and electromagnetism
Сохранить в:
| Главный автор: | |
|---|---|
| Формат: | |
| Язык: | английский |
| Опубликовано: |
Nueva York
Plenum
1979
|
| Серии: | Mathematical Concepts and Methods in Science and Engineering, 16-17
|
| Предметы: | |
| Метки: |
Добавить метку
Нет меток, Требуется 1-ая метка записи!
|
MARC
| LEADER | 00000nam a2200000 a 4500 | ||
|---|---|---|---|
| 001 | UCL2582 | ||
| 003 | CL-VaPUC | ||
| 008 | 031024e19790000US |||||||||||||||||eng|d | ||
| 020 | |a 0306402114v.1 | ||
| 020 | |a 0306402122v.2 | ||
| 082 | 0 | 4 | |a 531 |b WAN |2 21 |
| 100 | 0 | |a Wang, C.-C |e author |9 479697 | |
| 245 | 1 | 0 | |a Mathematical principles of mechanics and electromagnetism |
| 300 | |a 198 p | ||
| 942 | |c BK | ||
| 945 | |d 20031024 00:00:00 |a cmena | ||
| 260 | |a Nueva York |b Plenum |c 1979 | ||
| 500 | |a v.1: Part A: Analytical and continuum mechanics | ||
| 500 | |a v.2: Part B: Electromagnetism and gravitation | ||
| 650 | 0 | |a Mecánica |9 260096 | |
| 650 | 0 | |a Electromagnetismo |9 260123 | |
| 650 | 0 | |a Física matemática |9 260981 | |
| 583 | |a last modification |c 20031024 00:00:00 |k Rodrigo Vera | ||
| 490 | 0 | |a Mathematical Concepts and Methods in Science and Engineering, 16-17 | |
| 999 | |c 305862 |d 305860 | ||
| 952 | |0 0 |1 0 |4 0 |6 531_000000000000000_WAN_1979 |7 0 |8 A |9 370341 |a BIBCUR |b BIBCUR |d 2019-11-21 |h v.1 |i 2083868 |o 531 WAN 1979 |p 2083868 |r 2025-04-22 |w 2019-11-21 |y BK |k FIS | ||
| 952 | |0 0 |1 0 |4 0 |6 531_000000000000000_WAN_1979 |7 0 |8 A |9 370342 |a BIBCUR |b BIBCUR |d 2019-11-21 |h v.2 |i 2083167 |o 531 WAN 1979 |p 2083167 |r 2025-04-22 |w 2019-11-21 |y BK |k FIS | ||